000 00601nas a2200217 4500
001 BR9506835
003 BR-BrBNA
005 20231205094226.0
007 ta
008 230509b bl.|||p| |||| 00| 00por d
040 _aBR-BrBNA
_bpor
_cBiblioteca Nacional de Agricultura
041 _a(Pt)
072 _aF30
100 1 _aCosta, W.F. da
245 1 _aHibridacao e autofecundacao em algodoeiro
650 _aAlgodao
650 _aHibridacao
773 0 _tAgronomia (Brazil)
_x
_g(Oct-Dec 1950), v. 9(4) p. 319-321
_wBR9506835
909 _a202311
_bLúcia
_c55
_dLúcia Elande
942 _2AGRIS
_n0
_cANA
999 _c142917
_d142917